000 00295nam a22001337a 4500
008 181024b xxu||||| |||| 00| 0 eng d
020 _a9780824835163
041 _aeng
080 _a5510
100 _a38
101 _aMAT
245 _aIntergrate Korean Workbook
_cPark.j
942 _2udc
_cBK
999 _c50778
_d50778